Interní komunikace z jiných pohledů
Autorka sa pozera na internú komunikáciu z pohľadu svojich osobných skúseností, z pohľadu zmeny firemnej kultúry a z pohľadu modernej sociálnej komunikácie.
Salvato in:
| Autore principale: | |
|---|---|
| Natura: | Capitolo di libro |
| Lingua: | ceco |
| Soggetti: | |
| Tags: |
Nessun Tag, puoi essere il primo ad aggiungerne!!
|
MARC
| LEADER | 00000naa a2200000 4500 | ||
|---|---|---|---|
| 001 | 0183001 | ||
| 005 | 20231113134807.7 | ||
| 041 | 0 | |a cze | |
| 044 | |a CZ | ||
| 245 | 1 | 0 | |a Interní komunikace z jiných pohledů |c Martina Šmidochová |
| 520 | |a Autorka sa pozera na internú komunikáciu z pohľadu svojich osobných skúseností, z pohľadu zmeny firemnej kultúry a z pohľadu modernej sociálnej komunikácie. | ||
| 610 | 2 | 0 | |a komunikácia interná |
| 610 | 2 | 0 | |a kultúra podniková |
| 610 | 2 | 0 | |a komunikácia sociálna |
| 100 | 1 | |a Šmidochová, Martina | |